000 01705nam a2200265Ia 4500
999 _c53850
_d53850
001 20901
003 GE_BSU
005 20210614180809.0
008 181216s2016||||ge |||||||||||||| ||geo||
020 _a9789941947643
040 _cGE_BSU
041 _ageo
080 _a343 შ-48
100 _aშენგელია, ანი
_912044
245 _aსისხლის სამართლის ზოგადი ნაწილი :
_b(დამხმარე სახელმძღვანელო) /
_cანი შენგელია, თათია დოლიძე.
264 _aთბილისი :
_bიურისტების სამყარო,
_c2016.
300 _a118 გვ. ;
_c20 სმ.
500 _aწინამდებარე ნაშრომი წარმოადგენს დამხმარე სახელმძღვანელოს იურიდიული ფაკულტეტის სტუდენტებისა და სისხლის სამართლით დაინტერესებული პირებისთვის. იგი შედგენილია საქართველოს მოქმედი სისხლის სამართლის კოდექსის სტრუქტურის მიხედვით.
504 _aბიბლიოგრაფია გვ. 117
541 _h8ლ.
653 _aსამართალი
653 _aსისხლის სამართლის ზოგადი ნაწილი
700 _aდოლიძე, თათია
_eავტორი
_912045
942 _cBK
_2udc